[Event "Asian Nations Cup 2016"]
[Site "Abu Dhabi UAE"]
[Date "2016.03.31"]
[Round "4.1"]
[White "Murshed, Niaz"]
[Black "Abdyjapar, Asyl"]
[Result "1/2-1/2"]
[WhiteTitle "GM"]
[BlackTitle "IM"]
[WhiteElo "2446"]
[BlackElo "2385"]
[WhiteTeam "Bangladesh"]
[BlackTeam "Kyrgyzstan"]
[WhiteFideId "10200010"]
[BlackFideId "13800337"]
[EventDate "2016.03.28"]
[EventType "team"]

1. Nf3 Nf6 2. c4 e6 3. Nc3 c5 4. e4 d6 5. d4 cxd4 6. Nxd4 Be7 7. Be2 a6 8. O-O
O-O 9. Be3 Qc7 10. Rc1 b6 11. f4 Bb7 12. Bf3 Nbd7 13. f5 e5 14. Nde2 Rfc8 15. b3
Qd8 16. Ng3 b5 17. Be2 b4 18. Nd5 Nxd5 19. exd5 Bg5 20. Qd2 Qb6 21. Bxb6 Bxd2
22. Rcd1 Bc3 23. Be3 Nc5 24. f6 g6 25. Bg4 Rd8 26. Bxc5 dxc5 27. Ne2 Bd4+ 28.
Nxd4 exd4 29. Rde1 h5 30. Bh3 Bc8 31. Bxc8 Raxc8 32. Re7 Rd6 33. h3 Kf8 34. Re5
Rdd8 35. Re7 Rd6 36. Re5 Rdd8 37. Re7 Rd6 1/2-1/2

[Event "Asian Nations Cup 2016"]
[Site "Abu Dhabi UAE"]
[Date "2016.03.31"]
[Round "4.2"]
[White "Tologontegin, Semetey"]
[Black "Mohammad, Minhaz Uddin"]
[Result "0-1"]
[WhiteTitle "IM"]
[BlackTitle "IM"]
[WhiteElo "2370"]
[BlackElo "2436"]
[WhiteTeam "Kyrgyzstan"]
[BlackTeam "Bangladesh"]
[WhiteFideId "13800574"]
[BlackFideId "10201955"]
[EventDate "2016.03.28"]
[EventType "team"]

1. g3 Nf6 2. Bg2 e5 3. d3 d5 4. Nf3 Bd6 5. O-O O-O 6. Nc3 c6 7. e4 h6 8. h3 Re8
9. a3 Bf8 10. Re1 dxe4 11. dxe4 Qc7 12. b3 b6 13. Bb2 Rd8 14. Qb1 Be6 15. Qa2 a5
16. Rad1 Rxd1 17. Nxd1 Nfd7 18. Qa1 f6 19. Ne3 b5 20. Qd1 a4 21. b4 Nb6 22. Bf1
Na6 23. Nh4 Rd8 24. Qf3 Qf7 25. Bc1 Nc4 26. Nef5 c5 27. c3 cxb4 28. cxb4 Nb8 29.
Qg4 Kh7 30. Rd1 Rxd1 31. Qxd1 Nc6 32. Nf3 g6 33. Ne3 Nd6 34. Bb2 Qd7 35. Qc2 Ne7
36. h4 h5 37. Qc5 Bh6 38. Nd5 Nxd5 39. exd5 Bf7 40. Bxe5 fxe5 41. Nxe5 Qd8 42.
Nxf7 Nxf7 43. Bxb5 Bf8 44. Qc6 Ne5 45. Qe6 Bg7 46. Kg2 Qc7 47. Bxa4 Qc3 48. Be8
Qf3+ 49. Kg1 Qxa3 50. b5 Qb4 51. b6 Qe1+ 52. Kg2 Qe4+ 53. Kf1 Qb1+ 54. Kg2 Qe4+
55. Kf1 Qh1+ 56. Ke2 Qb1 57. Kd2 Qd3+ 58. Kc1 Qf1+ 59. Kc2 Qxf2+ 60. Kb3 Qxg3+
61. Ka4 Qxh4+ 62. Ka5 Qd8 63. Kb5 Qa8 64. Bc6 Qb8 65. d6 Qd8 66. b7 Bf8 67. Qc8
Qxd6 68. b8=Q Qb4+ 69. Ka6 Nxc6 70. Qxb4 Nxb4+ 71. Kb5 Kg7 72. Qd7+ Kf6 73. Qd4+
Kf7 74. Qf4+ Kg7 75. Qe5+ Kh7 0-1

[Event "Asian Nations Cup 2016"]
[Site "Abu Dhabi UAE"]
[Date "2016.03.31"]
[Round "4.3"]
[White "Mollah Abdullah, Al Rakib"]
[Black "Taalaibekov, Tagir"]
[Result "1-0"]
[WhiteTitle "GM"]
[WhiteElo "2478"]
[BlackElo "2150"]
[WhiteTeam "Bangladesh"]
[BlackTeam "Kyrgyzstan"]
[WhiteFideId "10200444"]
[BlackFideId "13801163"]
[EventDate "2016.03.28"]
[EventType "team"]

1. d4 Nf6 2. c4 c5 3. d5 e5 4. Nc3 d6 5. e4 Nbd7 6. g3 g6 7. Bg2 a6 8. Nge2 Bg7
9. O-O O-O 10. Bg5 Rb8 11. a3 h6 12. Bd2 Ne8 13. Qc1 Kh7 14. Qc2 b5 15. cxb5
axb5 16. b4 Nc7 17. Nd1 Qe7 18. Ne3 Ba6 19. Bh3 Nb6 20. bxc5 dxc5 21. Rfc1 Nc4
22. Nxc4 bxc4 23. a4 Rb4 24. Bc3 Rfb8 25. Qd2 Ne8 26. Qe3 Rb3 27. Rc2 Qc7 28.
Rf1 Nd6 29. f4 f6 30. Be6 Ra3 31. f5 gxf5 32. exf5 Rxa4 33. Qf3 Nb5 34. Qg4 Nd4
35. Qg6+ Kh8 36. Nxd4 cxd4 37. Bd2 Bb5 38. Bxh6 Be8 39. Qg4 d3 40. d6 Qa7+ 41.
Rcf2 Bc6 42. Bd2 1-0

[Event "Asian Nations Cup 2016"]
[Site "Abu Dhabi UAE"]
[Date "2016.03.31"]
[Round "4.4"]
[White "Kenenbaev, Aidar"]
[Black "Hossain, Enamul"]
[Result "0-1"]
[BlackTitle "GM"]
[WhiteElo "2042"]
[BlackElo "2426"]
[WhiteTeam "Kyrgyzstan"]
[BlackTeam "Bangladesh"]
[WhiteFideId "13801180"]
[BlackFideId "10200649"]
[EventDate "2016.03.28"]
[EventType "team"]

1. e4 c5 2. Nf3 e6 3. d4 cxd4 4. Nxd4 a6 5. Bd3 Nf6 6. O-O e5 7. Nb3 d6 8. Nc3
Be7 9. Kh1 b6 10. Bg5 Nbd7 11. Bxf6 Nxf6 12. Bc4 Ra7 13. a4 O-O 14. Qe2 Kh8 15.
Rfd1 Bg4 16. f3 Bc8 17. Qf2 Qc7 18. Nd2 Be6 19. Qe2 Qc8 20. Bxe6 fxe6 21. Nc4
Qc5 22. Ne3 Nh5 23. g3 Nf6 24. Rd3 Raa8 25. Rad1 b5 26. R1d2 Nd7 27. Ncd1 bxa4
28. Kg2 Qc7 29. Ra3 Nc5 30. Nc3 Qc6 31. Qc4 Bg5 32. Re2 Qb6 33. Ned1 a5 34. Nxa4
Qb4 35. Qa2 d5 36. Nxc5 Qxc5 37. Rc3 Qb5 38. Rd3 d4 39. Qxe6 Rac8 40. Qd5 Rc5
41. Qb3 Qa6 42. Nf2 h5 43. Qa4 Be3 44. Qd7 Rfc8 45. Qf7 Rxc2 46. Qxh5+ Qh6 47.
Qxh6+ gxh6 48. Rexe3 dxe3 49. Rxe3 Rxb2 50. Ra3 Rcc2 51. Rxa5 Rxf2+ 52. Kh3 Rxf3
53. Rxe5 Rff2 54. Re7 Rxh2+ 55. Kg4 Kg8 56. e5 Kf8 57. Ra7 Rb5 58. e6 0-1

[Event "Asian Nations Cup 2016"]
[Site "Abu Dhabi UAE"]
[Date "2016.03.31"]
[Round "4.1"]
[White "Mohammed, Zozek Salah Mohammed"]
[Black "Aboudi, Marwan"]
[Result "1-0"]
[WhiteTitle "FM"]
[WhiteElo "2256"]
[BlackElo "2166"]
[WhiteTeam "Iraq"]
[BlackTeam "Jordan"]
[WhiteFideId "4803361"]
[BlackFideId "8100160"]
[EventDate "2016.03.28"]
[EventType "team"]

1. d4 Nf6 2. c4 e6 3. Nc3 Bb4 4. e3 O-O 5. Ne2 d5 6. a3 Bd6 7. Ng3 Nbd7 8. cxd5
exd5 9. Nf5 Nb6 10. Bd3 Re8 11. O-O Bf8 12. f3 Nc4 13. Re1 c5 14. b3 Nd6 15.
Nxd6 Bxd6 16. dxc5 Bxc5 17. b4 Bb6 18. Na4 Bc7 19. Bb2 Qd6 20. f4 Bg4 21. Qb3
Ne4 22. Nc3 Nxc3 23. Qxc3 f6 24. Qc2 Bb6 25. Qf2 Re7 26. Bd4 Rae8 27. Kf1 Bh5
28. Rac1 Bg6 29. Bb5 Rd8 30. Red1 Be8 31. Be2 Ba4 32. Rd2 Rc7 33. Rxc7 Qxc7 34.
Bf3 Qc1+ 35. Qe1 Bb5+ 36. Kf2 Qxa3 37. Bxb6 axb6 38. Bxd5+ Kh8 39. Bxb7 Re8 40.
Rd4 h6 41. Qd2 f5 42. Bf3 Qa1 43. Bh5 Ra8 44. Bg6 Rf8 45. Rd8 Qf6 46. Rxf8+ Qxf8
47. Qd4 Bc6 48. Kg3 b5 49. Qe5 Bd7 50. Qd5 Qc8 51. Qc5 Qxc5 52. bxc5 Kg8 53. Kf2
Kf8 54. Ke2 Ke7 55. Kd3 Ke6 56. Kd4 Bc6 57. g3 Bg2 58. Be8 Bf1 59. Bc6 Bc4 60.
Kc3 g5 61. Kb4 gxf4 62. exf4 h5 63. Bxb5 Kd5 1-0

[Event "Asian Nations Cup 2016"]
[Site "Abu Dhabi UAE"]
[Date "2016.03.31"]
[Round "4.2"]
[White "Alattar, Rakan"]
[Black "Ismael, Namir Mohammed Ismael"]
[Result "0-1"]
[WhiteTitle "CM"]
[BlackTitle "CM"]
[WhiteElo "2065"]
[BlackElo "2169"]
[WhiteTeam "Jordan"]
[BlackTeam "Iraq"]
[WhiteFideId "8101248"]
[BlackFideId "4800800"]
[EventDate "2016.03.28"]
[EventType "team"]

1. e4 c5 2. Nf3 Nc6 3. g3 d6 4. Bg2 g6 5. O-O Bg7 6. c3 e5 7. d3 Nf6 8. Re1 O-O
9. h3 h6 10. Nbd2 Be6 11. Nf1 Qd7 12. g4 h5 13. g5 Nh7 14. Kh2 f6 15. Re2 Rf7
16. gxf6 Bxf6 17. Be3 Raf8 18. Qd2 Qe7 19. Bh6 Bg7 20. Bg5 Nxg5 21. Nxg5 Bh6 22.
f4 Rxf4 23. Nxe6 Qxe6 24. Qc2 Qf7 25. Kg1 Rf6 26. a4 Nd8 27. Ne3 Bxe3+ 28. Rxe3
Ne6 29. Rg3 Kh7 30. Re1 Rf2 31. Re2 Rxe2 32. Qxe2 Qf4 33. Rf3 Qc1+ 34. Kh2 Rxf3
35. Qxf3 Qf4+ 36. Qxf4 Nxf4 37. Bf1 h4 38. Kg1 g5 39. Kf2 a5 40. Ke3 g4 41. hxg4
Kh6 42. Be2 Kg5 43. Bf3 h3 44. b3 Kh4 45. d4 cxd4+ 46. cxd4 Kg3 47. Bh1 Kh2 48.
Bf3 Kg1 49. dxe5 dxe5 50. g5 h2 51. Bh1 Kxh1 52. Kf2 Nh3+ 53. Ke1 0-1

[Event "Asian Nations Cup 2016"]
[Site "Abu Dhabi UAE"]
[Date "2016.03.31"]
[Round "4.3"]
[White "Salih, Akar Ali Salih"]
[Black "Abo-Hazeem, Mohanned"]
[Result "1-0"]
[WhiteTitle "FM"]
[WhiteElo "2279"]
[BlackElo "2045"]
[WhiteTeam "Iraq"]
[BlackTeam "Jordan"]
[WhiteFideId "4800575"]
[BlackFideId "8101159"]
[EventDate "2016.03.28"]
[EventType "team"]

1. e4 c5 2. Nf3 Nc6 3. d4 cxd4 4. Nxd4 e5 5. Nb5 d6 6. N1c3 a6 7. Na3 Nf6 8. Bg5
Be7 9. Nc4 Nd4 10. Bxf6 Bxf6 11. Nd5 Be6 12. Nxf6+ gxf6 13. c3 Bxc4 14. Bxc4 Ne6
15. Bxe6 fxe6 16. Qh5+ Ke7 17. O-O-O Qe8 18. Qf3 Qg6 19. g3 Rhd8 20. Qe3 Rd7 21.
f4 Qh6 22. Kb1 Rg8 23. Qf3 Qg6 24. Ka1 exf4 25. gxf4 Qg2 26. Qe3 Qc2 27. Rd2 Qa4
28. Rhd1 Rg2 29. b3 Rxd2 30. Rxd2 Qc6 31. f5 exf5 32. exf5+ Kd8 33. Qd4 d5 34.
Kb2 Kc7 35. Re2 Qd6 36. h4 Rg7 37. b4 Rf7 38. Re6 Qd8 39. Qc5+ Kb8 40. Rd6 Rd7
41. Rxd7 Qxd7 42. Qf8+ Ka7 43. Qxf6 Qb5 44. Qe5 a5 45. a3 a4 46. f6 Qf1 47. Kc2
Qf2+ 48. Kd3 Qf1+ 49. Kd4 Qc4+ 50. Ke3 b6 51. Qe7+ Ka6 52. b5+ 1-0

[Event "Asian Nations Cup 2016"]
[Site "Abu Dhabi UAE"]
[Date "2016.03.31"]
[Round "4.4"]
[White "Boshra, Alshaeby"]
[Black "Abdulwahhab, Ahmed Abdulsattar A"]
[Result "0-1"]
[WhiteTitle "WFM"]
[BlackTitle "FM"]
[WhiteElo "2021"]
[BlackElo "2279"]
[WhiteTeam "Jordan"]
[BlackTeam "Iraq"]
[WhiteFideId "8102937"]
[BlackFideId "4801849"]
[EventDate "2016.03.28"]
[EventType "team"]

1. d4 d5 2. c4 c6 3. e3 Nf6 4. Nf3 Bf5 5. Qb3 Qb6 6. Nc3 e6 7. Nh4 Be4 8. f3
Qxb3 9. axb3 Bc2 10. e4 dxe4 11. Kd2 Bxb3 12. fxe4 Bb4 13. Bd3 c5 14. Ke2 Nc6
15. Nf3 O-O-O 16. d5 exd5 17. exd5 Rhe8+ 18. Kf2 Nd4 19. Nxd4 cxd4 20. Bf5+ Kc7
21. Nb5+ Kb6 22. Bf4 Bxc4 23. Nxa7 Nxd5 24. Rhc1 Ba6 25. Nc8+ Rxc8 26. Bxc8 Nxf4
27. Bf5 g6 28. Bb1 d3 29. Ra4 Re4 30. Kf3 f5 31. Rd1 Bb5 32. Ra8 Bc6 33. Rc8 g5
34. Bxd3 Nxd3 35. Rxc6+ Kxc6 36. Rxd3 g4+ 37. Kf2 Bc5+ 38. Kf1 Rd4 39. Rc3 Kd5
40. Ke2 b5 41. h3 h5 42. hxg4 hxg4 43. Rc1 Rc4 44. Rf1 Rc2+ 45. Kd3 Rf2 0-1

[Event "Asian Nations Cup 2016"]
[Site "Abu Dhabi UAE"]
[Date "2016.03.31"]
[Round "4.1"]
[White "Asefi, Zaheeruddeen"]
[Black "Ismagambetov, Anuar"]
[Result "0-1"]
[WhiteTitle "FM"]
[BlackTitle "GM"]
[WhiteElo "2020"]
[BlackElo "2559"]
[WhiteTeam "Afghanistan"]
[BlackTeam "Kazakhstan"]
[WhiteFideId "11700025"]
[BlackFideId "13701525"]
[EventDate "2016.03.28"]
[EventType "team"]

1. d4 Nf6 2. c4 e6 3. Nc3 Bb4 4. a3 Bxc3+ 5. bxc3 c5 6. Nf3 O-O 7. Qc2 Qa5 8.
dxc5 Qxc5 9. e3 b6 10. a4 d6 11. Ba3 Qc7 12. Rd1 Rd8 13. Nd4 a6 14. Bd3 Bb7 15.
O-O Nbd7 16. f4 Nc5 17. Bxc5 Qxc5 18. Rfe1 e5 19. Nb3 Qc7 20. f5 d5 21. cxd5
Bxd5 22. c4 Bc6 23. Ra1 a5 24. c5 Nd5 25. Be4 Nb4 26. cxb6 Qxb6 27. Qc4 Bxe4 28.
Qxe4 Nd5 29. Nd2 Qb4 30. Qxe5 Qxd2 31. Rad1 Qc3 32. Qxc3 Nxc3 33. Rxd8+ Rxd8 34.
Kf2 Rd1 35. Rxd1 Nxd1+ 36. Ke2 Nb2 0-1

[Event "Asian Nations Cup 2016"]
[Site "Abu Dhabi UAE"]
[Date "2016.03.31"]
[Round "4.2"]
[White "Kazhgaleyev, Murtas"]
[Black "Mirzaad, S.wahabuddin"]
[Result "1-0"]
[WhiteTitle "GM"]
[WhiteElo "2570"]
[BlackElo "2053"]
[WhiteTeam "Kazakhstan"]
[BlackTeam "Afghanistan"]
[WhiteFideId "13700316"]
[BlackFideId "11700785"]
[EventDate "2016.03.28"]
[EventType "team"]

1. d4 Nf6 2. c4 e6 3. Nf3 Be7 4. d5 O-O 5. g3 d6 6. Bg2 exd5 7. cxd5 c6 8. Nc3
Qa5 9. dxc6 bxc6 10. O-O d5 11. Bf4 Nbd7 12. Qc2 Bb7 13. Rfd1 Bb4 14. Nd4 Bxc3
15. bxc3 g6 16. Rdb1 Qa6 17. e4 c5 18. Nb5 dxe4 19. Nc7 Qc6 20. Nxa8 Bxa8 21.
Rd1 Qe6 22. Rd6 Qf5 23. Rad1 g5 24. Be3 Ne5 25. Rd8 Nd3 26. Rxf8+ Kxf8 27. h3
Kg7 28. c4 Bc6 29. Qc3 Ba4 30. Rd2 Bd7 31. g4 Qg6 32. f3 Bc6 33. fxe4 Ne1 34.
Rd6 Nxg2 35. Rxc6 Nxe3 36. Qxe3 Qxe4 37. Qxg5+ Kf8 38. Qxf6 Qe1+ 39. Kg2 Qe2+
40. Qf2 Qe4+ 41. Qf3 Qxc4 42. g5 Qxa2+ 43. Kg3 1-0

[Event "Asian Nations Cup 2016"]
[Site "Abu Dhabi UAE"]
[Date "2016.03.31"]
[Round "4.3"]
[White "Mehrad, Ahmad Tamim"]
[Black "Khusnutdinov, Rustam"]
[Result "0-1"]
[BlackTitle "GM"]
[WhiteElo "1988"]
[BlackElo "2496"]
[WhiteTeam "Afghanistan"]
[BlackTeam "Kazakhstan"]
[WhiteFideId "11700491"]
[BlackFideId "13701703"]
[EventDate "2016.03.28"]
[EventType "team"]

1. d4 Nf6 2. c4 e6 3. Nf3 Bb4+ 4. Bd2 a5 5. a3 Bxd2+ 6. Qxd2 d6 7. Nc3 Nbd7 8.
e3 O-O 9. Be2 e5 10. dxe5 dxe5 11. O-O Qe7 12. Nd5 Nxd5 13. Qxd5 c6 14. Qd2 Nc5
15. Qc3 e4 16. Nd4 a4 17. Rfd1 Qg5 18. Kh1 Bg4 19. f3 exf3 20. gxf3 Bd7 21. Rg1
Qf6 22. Rg3 Rfe8 23. Rag1 g6 24. Bd1 Qe5 25. e4 Be6 26. Rg5 Qd6 27. Bc2 Rad8 28.
Nf5 Bxf5 29. exf5 Re2 30. R5g2 Rxg2 31. Rxg2 Qd4 32. fxg6 hxg6 33. Qb4 Qe3 34.
Qc3 Nd3 35. Qd2 Qxf3 36. Qe2 Qxe2 37. Rxe2 Nxb2 38. Bxg6 Nxc4 39. Bc2 b5 40. Be4
Rd6 41. Ra2 c5 42. Rg2+ Kf8 43. Rg5 Rd4 44. Bh7 b4 45. Bc2 b3 46. Bh7 Nxa3 47.
Rxc5 b2 0-1

[Event "Asian Nations Cup 2016"]
[Site "Abu Dhabi UAE"]
[Date "2016.03.31"]
[Round "4.4"]
[White "Kostenko, Petr"]
[Black "Amini, Habibullah"]
[Result "1-0"]
[WhiteTitle "GM"]
[WhiteElo "2450"]
[BlackElo "1995"]
[WhiteTeam "Kazakhstan"]
[BlackTeam "Afghanistan"]
[WhiteFideId "13700669"]
[BlackFideId "11700777"]
[EventDate "2016.03.28"]
[EventType "team"]

1. e4 e6 2. d4 d5 3. Nc3 dxe4 4. Nxe4 Nd7 5. g3 Ngf6 6. Nxf6+ Nxf6 7. Bg2 Bd6 8.
Nf3 O-O 9. O-O Rb8 10. Qe2 b6 11. Ne5 Bxe5 12. dxe5 Nd7 13. Re1 Qe7 14. Qg4 Kh8
15. Bg5 f6 16. exf6 Nxf6 17. Qc4 b5 18. Qd4 Rb6 19. a4 a6 20. axb5 Rxb5 21. Bf4
Rd8 22. Qc3 Nd5 23. Bxd5 Rdxd5 24. b3 Kg8 25. Re2 Qc5 26. Qe1 Rd8 27. Rd1 Rf8
28. Rd3 Qc6 29. h4 Rd5 30. Rxd5 Qxd5 31. Re5 Qc6 32. Qe4 Qxe4 33. Rxe4 Rd8 34.
f3 c6 35. Kf2 Kf7 36. Ke2 Rd5 37. Be5 g6 38. g4 Ke7 39. Bb2 Rd8 40. Rf4 Rd7 41.
Ke3 Ke8 42. Ba3 Rf7 43. Re4 Kd7 44. Rd4+ Kc7 45. Bd6+ Kd8 46. Ke4 Ke8 47. Rd3
Rb7 48. Ke5 Rf7 49. Bc5 Rb7 50. Rd6 Bd7 51. Kf6 Bc8 52. Rxc6 Rf7+ 53. Ke5 Kd7
54. Rd6+ Kc7 55. Rd3 Bb7 56. f4 Bc8 57. Bd6+ Kb7 58. Rc3 h5 59. g5 Rf5+ 60. Ke4
Rf7 61. Rc4 Rd7 62. Ke5 Rf7 63. Kd4 Rd7 64. Kc5 Ka7 65. Kc6 Rf7 66. Be5 Rd7 67.
Rb4 Rh7 68. Rb8 Bb7+ 69. Kc5 Be4 70. c4 Rd7 71. Re8 Bf5 72. Kc6 1-0

[Event "Asian Nations Cup 2016"]
[Site "Abu Dhabi UAE"]
[Date "2016.03.31"]
[Round "4.1"]
[White "Dzhumaev, Marat"]
[Black "Amer, Said Salim Al Maashani"]
[Result "1/2-1/2"]
[WhiteTitle "GM"]
[BlackTitle "FM"]
[WhiteElo "2481"]
[BlackElo "2128"]
[WhiteTeam "Uzbekistan"]
[BlackTeam "Oman"]
[WhiteFideId "14200236"]
[BlackFideId "22000100"]
[EventDate "2016.03.28"]
[EventType "team"]

1. e4 c5 2. Nc3 Nc6 3. g3 g6 4. Bg2 Bg7 5. d3 d6 6. Be3 Nf6 7. h3 O-O 8. Qd2 Nd4
9. Nd1 e5 10. c3 Ne6 11. Bh6 b5 12. Bxg7 Kxg7 13. Ne2 a5 14. f4 Bb7 15. Nf2 Nh5
16. d4 exf4 17. d5 fxg3 18. Ng4 Nc7 19. Rf1 Bc8 20. O-O-O f5 21. exf5 Bxf5 22.
Nh6 Qd7 23. Qg5 Rae8 24. Ng1 b4 1/2-1/2

[Event "Asian Nations Cup 2016"]
[Site "Abu Dhabi UAE"]
[Date "2016.03.31"]
[Round "4.2"]
[White "Salim, Issa Ali Shamas"]
[Black "Barsov, Alexei"]
[Result "1/2-1/2"]
[BlackTitle "GM"]
[WhiteElo "2026"]
[BlackElo "2460"]
[WhiteTeam "Oman"]
[BlackTeam "Uzbekistan"]
[WhiteFideId "22000062"]
[BlackFideId "14200082"]
[EventDate "2016.03.28"]
[EventType "team"]

1. d4 d5 2. c4 e6 3. Nc3 Bb4 4. cxd5 exd5 5. Bf4 Nf6 6. e3 c5 7. Bd3 Nc6 8. Ne2
cxd4 9. exd4 O-O 10. O-O h6 11. h3 Re8 12. Rc1 a6 13. Na4 Ne4 14. f3 Ng5 15. a3
Bf8 16. Qd2 Ne6 17. Be3 Na5 18. Bb1 Nc4 19. Qc2 g6 20. Bf2 b5 21. Nac3 h5 22. f4
Ng7 23. Rfe1 Bf5 24. Qb3 Bxb1 25. Nxb1 Nf5 26. Nbc3 h4 27. Rcd1 Bg7 28. Qa2 Ra7
29. b3 Nb6 30. Qd2 Rae7 31. Na2 Qd6 32. Nb4 a5 33. Nc2 a4 34. Rb1 axb3 35. Rxb3
Nc4 36. Qd1 Qd7 37. Kf1 Ncd6 38. Nc3 Qc6 39. Rxe7 Rxe7 40. Qd3 Qc4 41. Qxc4 dxc4
42. Rb1 Bh6 43. Nd5 Ra7 44. Ke2 Kf8 45. Kf3 Ke8 46. Re1+ 1/2-1/2

[Event "Asian Nations Cup 2016"]
[Site "Abu Dhabi UAE"]
[Date "2016.03.31"]
[Round "4.4"]
[White "Salim, Mohammed Salim Al Amri"]
[Black "Khoroshev, Nikita"]
[Result "0-1"]
[WhiteTitle "CM"]
[BlackTitle "FM"]
[WhiteElo "2038"]
[BlackElo "2337"]
[WhiteTeam "Oman"]
[BlackTeam "Uzbekistan"]
[WhiteFideId "22000089"]
[BlackFideId "14200287"]
[EventDate "2016.03.28"]
[EventType "team"]

1. e4 g6 2. d4 Bg7 3. h4 h5 4. Bg5 c5 5. Bc4 cxd4 6. Nf3 Qb6 7. O-O Nc6 8. Nbd2
d6 9. Ne1 Nf6 10. Nd3 Ng4 11. Nf4 e6 12. Ne2 Bd7 13. a4 a6 14. Ra3 O-O 15. Nf3
Na5 16. Ba2 Qxb2 17. Bc1 Qb6 18. Nfxd4 Rac8 19. c3 Nc4 20. Rb3 Qc7 21. Rb4 d5
22. Bf4 e5 23. Bg3 Nd6 24. Bxd5 exd4 25. Rxb7 Qxb7 26. Bxb7 Nxb7 27. cxd4 Na5
28. Bd6 Rfe8 29. e5 Nc4 30. Bc5 Nb2 31. Qb3 Nxa4 32. Bd6 Bb5 33. Re1 Bh6 34. Ng3
Rc3 35. Qa2 Rd3 36. Qd5 Nf6 37. Qb7 Rxd4 38. f3 Rxd6 39. exd6 Rxe1+ 40. Kf2 Re8
41. Ne4 Nxe4+ 42. fxe4 Nc5 43. Qd5 Nxe4+ 44. Kf3 Be2+ 0-1

[Event "Asian Nations Cup 2016"]
[Site "Abu Dhabi UAE"]
[Date "2016.03.31"]
[Round "4.1"]
[White "Eid, Fadi"]
[Black "Snoper, Rafat"]
[Result "1-0"]
[WhiteTitle "IM"]
[WhiteElo "2352"]
[BlackElo "1890"]
[WhiteTeam "Lebanon"]
[BlackTeam "Palestine"]
[WhiteFideId "5300118"]
[BlackFideId "11502150"]
[EventDate "2016.03.28"]
[EventType "team"]

1. e4 e5 2. Nf3 Nc6 3. Nc3 Bc5 4. Nxe5 Bxf2+ 5. Kxf2 Nxe5 6. d4 Qf6+ 7. Kg1 Ng6
8. h4 h6 9. h5 Nf8 10. Be3 c6 11. e5 Qd8 12. Ne4 Ne6 13. Nd6+ Kf8 14. c4 b6 15.
Bd3 f6 16. Qf3 Ng5 17. Qg3 Ba6 18. Rf1 Ke7 19. Bxg5 hxg5 20. Qxg5 Qf8 21. Nf5+
Kd8 22. Qxg7 Qxg7 23. Nxg7 Kc7 24. exf6 Rf8 25. f7 Nh6 26. Ne8+ Kd8 27. Nd6 Ke7
28. Nf5+ Nxf5 29. Rxf5 Rxf7 30. Rxf7+ Kxf7 31. h6 Rf8 32. Rh3 Kg8 33. Rg3+ Kh8
34. Re3 d5 35. b3 dxc4 36. bxc4 Bc8 37. d5 cxd5 38. cxd5 Bb7 39. d6 Bc6 40. Re7
Rd8 41. Rh7+ Kg8 42. Rg7+ Kh8 43. Rg6 Bd7 44. Kh2 a5 45. Kg3 Rf8 46. Kh4 Rf4+
47. Kg5 Rf2 48. g4 Rf8 49. Bf5 Bxf5 50. gxf5 b5 51. f6 b4 52. d7 a4 53. f7 b3
54. Rg8+ 1-0

[Event "Asian Nations Cup 2016"]
[Site "Abu Dhabi UAE"]
[Date "2016.03.31"]
[Round "4.2"]
[White "Dawabsha, Taha"]
[Black "El Jawich, Amro"]
[Result "0-1"]
[BlackTitle "FM"]
[WhiteElo "1912"]
[BlackElo "2241"]
[WhiteTeam "Palestine"]
[BlackTeam "Lebanon"]
[WhiteFideId "11502100"]
[BlackFideId "5300380"]
[EventDate "2016.03.28"]
[EventType "team"]

1. c4 g6 2. Nc3 Bg7 3. Nf3 d6 4. g3 e5 5. Bg2 Nc6 6. d3 Nf6 7. O-O O-O 8. Ne1
Be6 9. f4 Qd7 10. Nd5 Bh3 11. fxe5 Nxd5 12. e6 Bd4+ 13. Kh1 Bxg2+ 14. Nxg2 fxe6
15. cxd5 Rxf1+ 16. Qxf1 Rf8 17. Qd1 exd5 18. e3 Qg4 19. Bd2 Qxd1+ 20. Rxd1 Bxb2
21. Nf4 d4 22. e4 Ne5 23. Rb1 Bc3 24. Bxc3 dxc3 25. Rc1 g5 26. Ne6 Rf2 27. Rxc3
Nf3 0-1

[Event "Asian Nations Cup 2016"]
[Site "Abu Dhabi UAE"]
[Date "2016.03.31"]
[Round "4.3"]
[White "Bassel, Charaf"]
[Black "Tamra, Attallah"]
[Result "0-1"]
[BlackTitle "CM"]
[WhiteElo "2112"]
[BlackElo "2058"]
[WhiteTeam "Lebanon"]
[BlackTeam "Palestine"]
[WhiteFideId "5300657"]
[BlackFideId "11500255"]
[EventDate "2016.03.28"]
[EventType "team"]

1. b3 c5 2. Bb2 d6 3. f4 Nf6 4. Nf3 Nc6 5. g3 b6 6. Bg2 Bb7 7. O-O e6 8. d3 Be7
9. e4 O-O 10. Nbd2 Qc7 11. Nc4 Nd7 12. a4 Bf6 13. Bxf6 Nxf6 14. e5 dxe5 15. fxe5
Nd5 16. Qd2 a6 17. Nd6 Nxe5 18. Nxb7 Nc6 19. Nxc5 bxc5 20. Rae1 Rad8 21. Re4 h6
22. Qf2 Nf6 23. Rf4 Nd7 24. Nd2 Nce5 25. Ne4 f5 26. Nd2 g5 27. Rf3 Nxf3+ 28.
Qxf3 Ne5 29. Qh5 Kg7 30. Re1 Rf6 31. Qe2 Nc6 32. Nc4 Nd4 33. Qd1 f4 34. Ne5 fxg3
35. hxg3 Rf5 36. c3 Rxe5 37. cxd4 Rxd4 38. Kh2 Qd6 39. Rf1 Rxd3 40. Qa1 Rd4 41.
Qc3 Re2 42. Kg1 Qe5 43. Qf3 Qe3+ 0-1

[Event "Asian Nations Cup 2016"]
[Site "Abu Dhabi UAE"]
[Date "2016.03.31"]
[Round "4.4"]
[White "Al-Takrori, Husam"]
[Black "Asmar, Elie"]
[Result "1/2-1/2"]
[WhiteElo "2007"]
[BlackElo "2051"]
[WhiteTeam "Palestine"]
[BlackTeam "Lebanon"]
[WhiteFideId "11501243"]
[BlackFideId "5301432"]
[EventDate "2016.03.28"]
[EventType "team"]

1. e4 c5 2. Nc3 g6 3. f4 Bg7 4. Nf3 Nc6 5. Bb5 Nd4 6. O-O Nxb5 7. Nxb5 d5 8.
exd5 a6 9. Nc3 Nf6 10. d4 Nxd5 11. dxc5 Nxc3 12. Qxd8+ Kxd8 13. bxc3 Bxc3 14.
Rb1 Kc7 15. Rb3 Bf6 16. Bd2 a5 17. Rb5 Bd7 18. Rxa5 Bf5 19. Ne5 Bxe5 20. fxe5
Kc6 21. a3 Rhd8 22. Rxa8 Rxa8 23. Bb4 Rd8 24. h3 h5 25. Rf2 Rd1+ 26. Kh2 Rc1 27.
Kg3 Kd5 28. c3 Kxe5 29. a4 Rc2 30. Rxc2 Bxc2 31. c6 bxc6 32. Bxe7 Bxa4 33. h4 1/2-1/2

[Event "Asian Nations Cup 2016"]
[Site "Abu Dhabi UAE"]
[Date "2016.03.31"]
[Round "4.1"]
[White "AlShourfaa, Hazaa"]
[Black "Priyankara, Chamil"]
[Result "0-1"]
[WhiteElo "1808"]
[BlackElo "2016"]
[WhiteTeam "Kuwait"]
[BlackTeam "Sri Lanka"]
[WhiteFideId "10300198"]
[BlackFideId "9901566"]
[EventDate "2016.03.28"]
[EventType "team"]

1. e4 c5 2. Nc3 Nc6 3. f4 g6 4. Nf3 Bg7 5. Bb5 Nd4 6. O-O a6 7. Be2 d6 8. d3 e6
9. Be3 Ne7 10. Qd2 O-O 11. Bd1 b5 12. Rb1 Bb7 13. a3 Rc8 14. Qf2 Nec6 15. Ne2
Nxf3+ 16. Qxf3 f5 17. Ng3 Ne7 18. Qe2 d5 19. e5 d4 20. Bd2 c4 21. Qe1 Qd7 22.
Bb4 Rfd8 23. Bf3 Nd5 24. Bxd5 Qxd5 25. Qe2 Rc6 26. Rbd1 Rdc8 27. Rf2 cxd3 28.
Qxd3 h5 29. c3 dxc3 30. Qxd5 exd5 31. Bxc3 Rxc3 32. bxc3 Rxc3 33. Rf3 Rc2 34.
Rf2 Rc4 35. Ne2 Bf8 36. Rf3 Bc5+ 37. Kf1 d4 38. Rg3 Kg7 39. Rc1 Be4 40. Ke1 h4
41. Rh3 Bxg2 42. Rxh4 Be7 43. Kf2 Bxh4+ 44. Kxg2 d3 45. Rxc4 dxe2 0-1